Química biológica /
Guardado en:
| Autor Principal: | |
|---|---|
| Formato: | Libro |
| Publicado: |
Buenos Aires :
El Ateneo,
1994
|
| Edición: | 6a. ed. |
| Materias: | |
| Etiquetas: |
Agregar Etiqueta
Sin Etiquetas, Sea el primero en etiquetar este registro!
|
| LEADER | 00574nam a22002175a 4500 | ||
|---|---|---|---|
| 001 | CEM.cems016603 | ||
| 005 | 20110818142058.0 | ||
| 008 | 130507s1994##################000#0#####d | ||
| 003 | CEMS | ||
| 082 | 0 | 4 | |a 574.19 |
| 100 | 1 | |a Blanco, Antonio | |
| 245 | 1 | 0 | |a Química biológica / |c Antonio Blanco, |
| 250 | |a 6a. ed. | ||
| 260 | |a Buenos Aires : |b El Ateneo, |c 1994 | ||
| 300 | |a 677 p. | ||
| 653 | |a Termodinámica | ||
| 653 | |a Cinética | ||
| 653 | |a Lípidos | ||
| 653 | |a Enzimas | ||
| 653 | |a Bioenergética | ||
| 859 | |a CEMS |b BIB. CEMS - Agricultura |h 574.19 |i B593a6 |p A18500.95 |t Ej.1 | ||
